Dragons de Game of Thrones - Statistiques

Statistiques générales
  • Ce quiz a été pris 41 fois
  • Le résultat moyen est 11 sur 18
Statistiques - réponses
Dragons % Correct
Drogon
94%
Viserion
90%
Rhaegal
81%
Syrax
71%
Arrax
68%
Vhagar
68%
Caraxes
65%
Vermithor
65%
Feux-du-Soleyl
61%
Meleys
61%
Vermax
61%
Danselune
52%
Songefeu
48%
Voleur-de-Moutons
48%
Aile d'Argent
45%
Fumée-des-Mers
45%
Tessarion
35%
Nuée d'Orage
16%
Aucun quiz correspondant
Distribution des résultats
% des personnes avec chaque résultat
Percentile par nombre de réponses
Votre historique - résultats
Vous n’avez pas pris ce quiz